European Big Five: 600+ matches (2000-) - Statistics

General Stats
  • This quiz has been taken 31 times
  • The average score is 4 of 6
Answer Stats
Ranking Player Positions Nationality Matches Goals (assists) Periods Clubs % Correct
5 Cristiano Ronaldo MF, FW 626 495 (135) 2003-2023
93%
4 James Milner DF, MF 638 55 (89) 2002-2025
81%
2 Pepe Reina GK 665 0 (5) 2000-2025
78%
3 Jesús Navas DF, FW 640 30 (105) 2003-2025
74%
1 Joaquín MF, FW 672 81 (101) 2001-2023
70%
6 Raúl García MF, FW 609 111 (48) 2004-2024
44%
No matching quizzes found
Score Distribution
Percent of People with Each Score
Percentile by Number Answered
Your Score History
You have not taken this quiz